000
00373nam a2200157Ia 4500
005
20250326130135.0
008
250326s9999 xx 000 0 und d
037
_a
Textbook
040
_a
FMSL
_b
eng
_c
FMSL
041
_a
eng
_2
eng
084
_q
FMSL
245
0
_a
Census of India 1971
260
_a
Nd
_b
Nd, Arnold
_c
1971
942
_c
TB
999
_c
1281121
_d
1281121